000 00359nam a2200145Ia 4500
008 221030s9999 xx 000 0 und d
041 _aEnglish
082 _a105.23
_bBal
100 _aP. L. Ballaney
245 0 _aApplied Thermodynamics
_cby P. L. Ballaney
260 _bKhanna book Pub.
_aDelhi
_c2000
300 _a536
650 _aMechanical
942 _cBK
999 _c1388
_d1388